Un aspecto desesperanzado de la literatura : (Record no. 7560)
[ view plain ]
| 000 -CABECERA | |
|---|---|
| campo de control de longitud fija | 00876cam a2200253 a 4500 |
| 001 - NÚMERO DE CONTROL | |
| campo de control | 000007782 |
| 005 - FECHA Y HORA DE LA ÚLTIMA TRANSACCIÓN | |
| campo de control | 20200929154310.0 |
| 008 - DATOS DE LONGITUD FIJA--INFORMACIÓN GENERAL | |
| campo de control de longitud fija | 940802s1993 ck b 001 0 spa |
| 020 ## - NÚMERO INTERNACIONAL ESTÁNDAR DEL LIBRO | |
| Número Internacional Estándar del Libro | 9586121577 |
| 040 ## - FUENTE DE LA CATALOGACIÓN | |
| Centro catalogador/agencia de origen | DO-SdBNP |
| Centro/agencia transcriptor | DLC |
| 082 ## - NÚMERO DE LA CLASIFICACIÓN DECIMAL DEWEY | |
| Número de clasificación | C864.44 |
| Número de documento/Ítem | A478a |
| 100 1# - ENTRADA PRINCIPAL--NOMBRE DE PERSONA | |
| Nombre de persona | Alzate Cuervo, Gastón Adolfo, |
| Fechas asociadas al nombre | 1959- |
| 9 (RLIN) | 21488 |
| 245 13 - MENCIÓN DE TÍTULO | |
| Título | Un aspecto desesperanzado de la literatura : |
| Resto del título | Sófocles, Hölderlin, Mutis / |
| Mención de responsabilidad, etc. | Gaston Adolfo Alzate Cuervo. |
| 260 ## - PUBLICACIÓN, DISTRIBUCIÓN, ETC. | |
| Lugar de publicación, distribución, etc. | Santafé de Bogotá : |
| Nombre del editor, distribuidor, etc. | Colcultura, |
| Fecha de publicación, distribución, etc. | 1993. |
| 300 ## - DESCRIPCIÓN FÍSICA | |
| Extensión | 101 p. ; |
| Dimensiones | 21 cm. |
| 490 1# - MENCIÓN DE SERIE | |
| Mención de serie | Premios Nacionales '93 |
| 500 ## - NOTA GENERAL | |
| Nota general | "Ensayo joven ex-aequo." |
| 586 ## - NOTA DE PREMIOS | |
| Nota de premios | "Premio Nacional de Ensayo Joven 1993". |
| 504 ## - NOTA DE BIBLIOGRAFÍA, ETC. | |
| Nota de bibliografía, etc. | Bibliografías p. 99-101. |
| 650 #4 - PUNTO DE ACCESO ADICIONAL DE MATERIA--TÉRMINO DE MATERIA | |
| Término de materia o nombre geográfico como elemento de entrada | Ensayos colombianos |
| 9 (RLIN) | 14811 |
| 650 #4 - PUNTO DE ACCESO ADICIONAL DE MATERIA--TÉRMINO DE MATERIA | |
| Término de materia o nombre geográfico como elemento de entrada | Literatura colombiana |
| 9 (RLIN) | 1244 |
| 830 #0 - PUNTO DE ACCESO ADICIONAL DE SERIE-TÍTULO UNIFORME | |
| Título uniforme | Premios Nacionales '93 |
| 9 (RLIN) | 14740 |
| 910 ## - DATOS DE OPCIÓN DEL USUARIO (OCLC) | |
| Datos de opción del usuario | Catalogación por copia / LC |
| Estado de retiro | Estado de pérdida | Restricciones de uso | No para préstamo | Código de colección | Localización permanente | Ubicación/localización actual | Ubicación en estantería | Fecha de adquisición | Número de inventario | Total de préstamos | Signatura topográfica completa | Código de barras | Fecha visto por última vez | Precio válido a partir de | Tipo de ítem Koha |
|---|---|---|---|---|---|---|---|---|---|---|---|---|---|---|---|
| Préstamo interno | Monografías: Libros y Folletos | General | General | En catalogación | 10.09.2009 | LF1 | C864.44 A478a | 7782-10 | 25.06.2020 | 25.06.2020 | Préstamo interno |
